| 000 | 00455nam a2200193Ia 4500 | ||
|---|---|---|---|
| 003 | 0100 | ||
| 008 | 130303s9999 xx 000 0 und d | ||
| 040 | _cARRUPELIB | ||
| 050 | _aHQ1788.D65 1991 | ||
| 100 | _aDolphyne, Florence Abena | ||
| 245 | 4 | _aThe Emancipation of Women | |
| 245 | _ban African perspectives | ||
| 260 | _aAccra | ||
| 260 | _bGhana University Press | ||
| 260 | _C1991 | ||
| 300 | _a107p. | ||
| 300 | _b 23 cm. | ||
| 942 | 0 | 0 | _03 |
| 999 |
_c20070 _d20070 |
||